Satunnaisia Euroopan pääkaupunkeja kartalla - Statistics

Yleistilastot
  • Tätä visaa on pelattu 2 847 kertaa
  • Keskiarvotulos 9 / 12
Vastaukset kartalla
Vastauksille on annettu kartalla punavihreä väri sen mukaan, kuinka moni on saanut sen oikein.
 
Vastaustilastot
Pääkaupunki % Oikein
Helsinki
99%
Oslo
99%
Lontoo
98%
Tallinna
97%
Tukholma
97%
Pariisi
96%
Madrid
95%
Rooma | Vatikaani
95%
Berliini
93%
Dublin
91%
Moskova
91%
Kööpenhamina
90%
Ateena
89%
Lissabon
88%
Riika
87%
Amsterdam
85%
Kiova
85%
Reykjavik
85%
Varsova
85%
Vilna
84%
Bryssel
82%
Andorra la Vella
81%
Minsk
80%
Monaco
80%
Praha
78%
Wien
78%
Bern
76%
San Marino
76%
Luxemburg
75%
Sofia
72%
Bukarest
64%
Budapest
63%
Valletta
61%
Zagreb
59%
Tirana
56%
Bratislava
52%
Sarajevo
50%
Belgrad
48%
Ljubljana
48%
Chișinău
47%
Vaduz
45%
Skopje
44%
Pristina
40%
Podgorica
36%
Ehtoja vastaavia visoja ei löytynyt
Tulosjakauma
Jokaisen tuloksen saaneiden osuus
Persentiili vastausten määrän mukaan
Tuloshistoriasi
Et ole pelannut tätä visaa